banner-ar

اوروبا والوطن العربى / (Record no. 40824)

MARC details
000 -الفاتح
حقل البيانات ثابتة الطول 00659nam a2200205Ia 4500
005 - وقت وتاريخ اخر تعامل مع التسجيلة
رقم الضبط 20240530103557.0
008 - عناصر البيانات ثابتة الطول - معلومات عامة
حقل البيانات ثابتة الطول 140319s9999 xx 000 0 ara d
040 ## - مصدر الفهرسة
وكالة الفهرسة الأصلية GCL /
وكالة النسخ GCL
082 04 - رقم تصنيف ديوى العشرى
رقم التصنيف 327.5604
رقم المادة ن ا
100 1# - المدخل الرئيسى - إسم شخصى
الإسم الشخصى نادية محمود محمد مصطفى
245 10 - بيان العنوان
العنوان اوروبا والوطن العربى /
بيان المسئوليه,etc نادية محمود محمد مصطفى
300 ## - الوصف المادى
التعداد 367 ص
490 ## - بيان السلسلة
عنوان السلسلة سلسلة الثقافة القومية
رقم المجلد/ التعيين التسلسلي 8
650 04 - المدخل الاضافى بالموضوع-مصطلح موضوعى
مصطلح موضوعي العالم العربى
650 04 - المدخل الاضافى بالموضوع-مصطلح موضوعى
مصطلح موضوعي العلاقات الخارجية
650 04 - المدخل الاضافى بالموضوع-مصطلح موضوعى
مصطلح موضوعي السوق الاوربية المشتركة
650 04 - المدخل الاضافى بالموضوع-مصطلح موضوعى
مصطلح موضوعي اوربا
942 ## - عناصر المدخل الإضافي( كوها)
مصدر التصنيف او مخطط الترفيف Dewey Decimal Classification
Koha [default] item type كتاب
Holdings
حالة التراجع حالة الفقد حالة تلف ليس للاعارة المكان المؤقت الموقع الحالى تاريخ الاكتساب اجمالي اﻻعارات رقم الطلب الباركود تاريخ اخر مشاهدة تاريخ تفعيل السعر نوع وعاء كوها
        مكتبة القاهرة الكبرى مكتبة القاهرة الكبرى 03/26/2014   327.5604\ن ا 98571 03/26/2014 03/26/2014 كتاب

Powered By

EGPV